000 00525nam a2200193 a 4500
001 1757565323027
003 YourLibrary
005 20250915121310.0
008 250911s2005##################000#0#eng##
020 _a9781585424344
082 0 4 _a141.30973
_bGEL
100 1 _aGeldard, Richard G.,
_eauthor.
245 1 0 _aThe Essential Transcendentalists :
260 _bTarcherPerigee,
_c2005.
300 _a276 pages
650 0 _aBiography & Autobiography.
942 _cENGLISH
040 _aYourLibrary
_beng
_cYourLibrary
999 _c586904
_d586904